Security of tenure for residential boats (Record no. 104800)

MARC details
000 -LEADER
fixed length control field 01209cam a2200205 4500
001 - CONTROL NUMBER
control field ##L131690
008 - FIXED-LENGTH DATA ELEMENTS--GENERAL INFORMATION
fixed length control field 051129n2005 000 0 eng u
035 ## - SYSTEM CONTROL NUMBER
System control number (Sirsi) u131690
041 0# - LANGUAGE CODE
Language code of text/sound track or separate title eng
050 04 - LIBRARY OF CONGRESS CALL NUMBER
Classification number 346.4104342 $2 18
110 1# - MAIN ENTRY--CORPORATE NAME
Corporate name or jurisdiction name as entry element United Kingdom
Subordinate unit Office of the Deputy Prime Minister
245 00 - TITLE STATEMENT
Title Security of tenure for residential boats
Remainder of title consultation paper
260 ## - PUBLICATION, DISTRIBUTION, ETC.
Place of publication, distribution, etc. London
Name of publisher, distributor, etc. ODPM
Date of publication, distribution, etc. 2005
520 ## - SUMMARY, ETC.
Summary, etc. This joint consultation for England and Wales considers whether occupants of residential boats at long term moorings should be given security of tenure and additional contract rights and if so, to determine the appropriate level. Examines how residential moorings are managed particularly with regard to security of tenure, highlights some problems existing in these arrangements and outlines possible solutions. Responses to be received by 21 February 2006.
590 ## - LOCAL NOTE (RLIN)
Local note IKA061205
690 ## - LOCAL SUBJECT ADDED ENTRY--TOPICAL TERM (OCLC, RLIN)
Topical term or geographic name as entry element PROPERTY-RESIDENTIAL PROPERTY-TENANTED RESIDENTIAL PROPERTY
710 1# - ADDED ENTRY--CORPORATE NAME
Corporate name or jurisdiction name as entry element Wales
Subordinate unit National Assembly for Wales
9 (RLIN) 4836
856 40 - ELECTRONIC LOCATION AND ACCESS
Uniform Resource Identifier <a href="https://www.communities.gov.uk/archived/publications/housing/securitytenure">https://www.communities.gov.uk/archived/publications/housing/securitytenure</a>
Public note View the consultation free of charge at www.communities.gov.uk...
942 ## - ADDED ENTRY ELEMENTS (KOHA)
Suppress in OPAC 0
Holdings
Withdrawn status Lost status Source of classification or shelving scheme Damaged status Not for loan Home library Current library Shelving location Date acquired Total Checkouts Full call number Barcode Date last seen Copy number Price effective from Koha item type
    Dewey Decimal Classification     Virtual Virtual Online 29/11/2005   ONLINE PUBLICATION 131690-2001 06/08/2019 1 06/08/2019 Book